| 000 | 00572nam a2200205Ia 4500 | ||
|---|---|---|---|
| 003 | 0100 | ||
| 008 | 130227s9999 xx 000 0 und d | ||
| 040 | _cARRUPELIB | ||
| 050 | _aBL80.2.D484 | ||
| 100 | _aDetzer, Jordan E. | ||
| 245 | _aMan's search for faith | ||
| 245 | _bInsights into the principles and varieties of major philosophy and religious expressions in the world | ||
| 260 | _aAberdeen | ||
| 260 | _bNorth Plains Press | ||
| 260 | _C1970 | ||
| 300 | _axii | ||
| 300 | _b 383p 23cm | ||
| 650 | _bEnglish language - Grammar - 1870- | ||
| 942 |
_2lcc _01 |
||
| 999 |
_c1237 _d1237 |
||